000 00887nmm a2200253 a 4500
001 ocm000702441
003 TR-IsHL
005 20201028132551.0
008 131030s2011 tu tur
007 cr cn
035 _a702441
_b(N$T)
050 0 4 _aND868.6
_b.T87 2011
090 0 4 _aND868.6
_b.T87 2011
245 1 0 _aTürkiye Barolar Birliği hükümlü ve tutuklular arası resim yarışması 2011, 2. bs.
_h[electronic resource] /
_ckürator H. Argun Bozkurt
260 _aAnkara :
_bTürkiye Barolar Birliği,
_c2011
300 _a117 p.
650 4 _aHukuk
650 4 _aLaw
650 0 _aResim sanatı
_x Yarışmalar
_x Türkiye
650 0 _aPainting
_x Competitions
_x Turkey
650 7 _aART / Techniques / Painting
_2bisacsh
700 1 _aBozkurt, H. Argun
856 4 0 _uhttp://search.ebscohost.com/login.aspx?direct=true&scope=site&db=e011xww&AN=702441
999 _c5161
_d5161